00346nam a2200121 a 45000010005000000030005000050050017000100080041000270400026000681000017000942450106001112600007002171566CDMR20130116135212.0130130s ||||||||||||||||||||||||||||d aCDMRbcatcCPC GIRONA1 aGil, Alfredo10aHojas de multiplicarbAportación significativa de la vegetación– Ensayo literariocGil, Alfredo c??